| 000 | 00552 a2200193 4500 | ||
|---|---|---|---|
| 005 | 20240510123024.0 | ||
| 010 | _aB-758881 | ||
| 020 |
_a817036339x _c195.00 |
||
| 035 | _aB-758881 | ||
| 037 | _bGift/Unesco | ||
| 082 | _a338.95487 | ||
| 100 |
_aAziz, Abdul _966078 |
||
| 245 |
_aDecentralised Planning / _cAbdul Aziz |
||
| 260 |
_aNew Delhi _bSaga Publication _c1993 |
||
| 270 | _aNew Delhi | ||
| 300 |
_a148 p.; _c23cm (Hb) |
||
| 942 |
_adpl _cEN _2ddc _h338.95487 _mAZI |
||
| 999 |
_c202801 _d202801 |
||